| 000 | 00533nam a22001697a 4500 | ||
|---|---|---|---|
| 005 | 20231107143740.0 | ||
| 008 | 231107b |||||||| |||| 00| 0 eng d | ||
| 020 | _a9780409050226 | ||
| 041 | _aEnglish | ||
| 082 | _a346.43 ADA | ||
| 100 |
_aAdams & Adams 2011 _lEnglish |
||
| 245 |
_aPractitioner's Guide to Intellectual Property Law / _cAdams & Adams 2011 |
||
| 260 |
_aDurban : _bLexisNexis, _c2011 |
||
| 300 |
_bxxiii, 575 pages ; _c25 cm. |
||
| 650 |
_aLegal practice _bLaw |
||
| 942 |
_cBK _6ALISON_BN_VRIES |
||
| 999 |
_c390 _d390 |
||